| 000 | 05140cam a22018734i 4500 | ||
|---|---|---|---|
| 003 | PE-LiUPU | ||
| 005 | 20250813165431.0 | ||
| 008 | 170605s2013 inua r 001 0 esp d | ||
| 020 | _a8441535760 | ||
| 020 | _a9788441535763 | ||
| 035 | _a(Sirsi) a204254 | ||
| 040 |
_aPE-LiUPU _bspa _cPE-LiUPU _dPE-LiUPU _erda |
||
| 049 | _aPRUA | ||
| 082 | 0 | 4 |
_a658.4038 _bS29 _220 |
| 082 | 0 | 4 |
_a658.4038 _bS29 2013 |
| 100 | 1 |
_aSchmarzo, Bill., _eautor. |
|
| 245 | 1 | 0 |
_aBig data : _bel poder de los datos / _cBill Schmarzo. |
| 264 | 1 |
_aIndianapolis, IN : _bJohn Wiley & Sons, _c2013. |
|
| 300 |
_a253 páginas : _bilustraciones ; _c23 centimetros |
||
| 336 |
_atext _2rdacontent |
||
| 337 |
_aunmediated _2rdamedia |
||
| 338 |
_avolume _2rdacarrier |
||
| 504 | _aÍndices: páginas 246-253. | ||
| 505 | 0 | _aLa oportunidad de negocio de los big data -- Clase de historia sobre los big data -- El impacto empresarial de los big data -- El impacto de los big data en la organización -- Cómo funciona la teoría de la decisión -- Crear una estrategia para los big data -- Cómo funciona el proceso de creación en valor -- La ramificaciones de la interacción con el usuario -- Cómo identificar los casos de uso de los big data -- Ingeniería de soluciones -- Ramificaciones de la arquitectura de los big data -- El viaje a hacia los big data -- Una llamada a la acción. | |
| 526 | _aP203 | ||
| 526 | _aP200 | ||
| 526 | _aSEG65 | ||
| 526 | _aSEG64 | ||
| 526 | _aSEG63 | ||
| 526 | _aSEG62 | ||
| 526 | _aSEG61 | ||
| 526 | _aSEG60 | ||
| 526 | _aSEG59 | ||
| 526 | _aSEG58 | ||
| 526 | _aSEG57 | ||
| 526 | _aSEG56 | ||
| 526 | _aSEG55 | ||
| 526 | _aSEG54 | ||
| 526 | _aSEG53 | ||
| 526 | _aSEG52 | ||
| 526 | _aSEG51 | ||
| 526 | _aSEG50 | ||
| 526 | _aSEG49 | ||
| 526 | _aSEG48 | ||
| 526 | _aSEG47 | ||
| 526 | _aSEG46 | ||
| 526 | _aSEG24 | ||
| 526 | _aSEG23 | ||
| 526 | _aSEG22 | ||
| 526 | _aSEG21 | ||
| 526 | _aSEG20 | ||
| 526 | _aSEG19 | ||
| 526 | _aSEG18 | ||
| 526 | _aSEG17 | ||
| 526 | _aSEG16 | ||
| 526 | _aSEG14 | ||
| 526 | _aSEG13 | ||
| 526 | _aSEG12 | ||
| 526 | _aSEG11 | ||
| 526 | _aSEG10 | ||
| 526 | _aSEG09 | ||
| 526 | _aSEG06 | ||
| 526 | _aSEG05 | ||
| 526 | _aSEG04 | ||
| 526 | _aSEG03 | ||
| 526 | _aSEG02 | ||
| 526 | _aSEG68 | ||
| 526 | _aSEG66 | ||
| 526 | _aSEG45 | ||
| 526 | _aSEG25 | ||
| 526 | _aSEG01 | ||
| 526 | _aP163 | ||
| 526 | _aP162 | ||
| 526 | _aP161 | ||
| 526 | _aP160 | ||
| 526 | _aP159 | ||
| 526 | _aP158 | ||
| 526 | _aP157 | ||
| 526 | _aP156 | ||
| 526 | _aP155 | ||
| 526 | _aP154 | ||
| 526 | _aP153 | ||
| 526 | _aP152 | ||
| 526 | _aP151 | ||
| 526 | _aP150 | ||
| 526 | _aP149 | ||
| 526 | _aP142 | ||
| 526 | _aP141 | ||
| 526 | _aP140 | ||
| 526 | _aP139 | ||
| 526 | _aP138 | ||
| 526 | _aP137 | ||
| 526 | _aP132 | ||
| 526 | _aP131 | ||
| 526 | _aP130 | ||
| 526 | _aP126 | ||
| 526 | _aP125 | ||
| 526 | _aP124 | ||
| 526 | _aP123 | ||
| 526 | _aP115 | ||
| 526 | _aP122 | ||
| 526 | _aP121 | ||
| 526 | _aP116 | ||
| 526 | _a P114 | ||
| 526 | _aP112 | ||
| 526 | _aP111 | ||
| 526 | _aP104 | ||
| 526 | _aP103 | ||
| 526 | _aP102 | ||
| 526 | _aP101 | ||
| 526 | _aP100 | ||
| 526 | _aP96 | ||
| 526 | _aP95 | ||
| 526 | _aP93 | ||
| 526 | _aP92 | ||
| 526 | _aP91 | ||
| 526 | _aP88 | ||
| 526 | _aP83 | ||
| 526 | _aP82 | ||
| 526 | _aP79 | ||
| 526 | _aP78 | ||
| 526 | _aP75 | ||
| 526 | _aP74 | ||
| 526 | _aP71 | ||
| 526 | _aP69 | ||
| 526 | _a P51 | ||
| 526 | _aP49 | ||
| 526 | _aP48 | ||
| 526 | _aP47 | ||
| 526 | _aP33 | ||
| 526 | _aP31 | ||
| 526 | _a P30 | ||
| 526 | _aP29 | ||
| 526 | _aP27 | ||
| 526 | _aP26 | ||
| 526 | _aP25 | ||
| 526 | _aP24 | ||
| 526 | _a P22 | ||
| 526 | _aP10 | ||
| 526 | _aP09 | ||
| 526 | _a P08 | ||
| 526 | _aP06 | ||
| 526 | _aP05 | ||
| 526 | _aP04 | ||
| 526 | _aP01 | ||
| 534 |
_aTitulo original : _tUnderstanding how data powers big business. |
||
| 541 | _g001-003373; | ||
| 541 | _g001-003430; | ||
| 650 | 0 | _aGestión del conocimiento. | |
| 650 | 0 | _aSistemas de Información Gerencial. | |
| 910 |
_ajck _bjvq _cjpc _d20170605 |
||
| 942 |
_2ddc _cBOOK |
||
| 949 |
_a658.4038 S29 _wDEWEY _c1 _i76184 _lCATALOGING _mBUL _p55.00 _r0 _sY _tBOOK _u2017-06-05 _xINGENIERIA _PP27 _0COMPRA _o.CIRCNOTE. El documento es de alto precio. _o.STAFF. Colección Ciencias Empresariales |
||
| 949 |
_a658.4038 S29 _wDEWEY _c1 _iFT03272 _lCCODEBUT1 _mBUT _p53.75 _r0 _sY _tBOOK _u2017-10-10 _xFIA _zSIST _0COMPRA _o.STAFF. Colección General |
||
| 994 |
_aC0 _bPEPRU |
||
| 596 | _a1 2 | ||
| 999 |
_a658.4038 S29 _wDEWEY _c20623 _i76184 _d20623 _f2021-11-8 _g4 _lCCODEBUL1 _mBUL _p55.00 _r0 _sY _tBOOK _u2017-6-5 _xFCE _zP27 _0COMPRA _o.STAFF. Colección Ciencias Empresariales |
||
| 999 |
_a658.4038 S29 2013 _wDEWEY _c1 _iFT03272 _d2018-6-5 _e2018-5-30 _f2019-2-20 _g2 _lCCODEBUT1 _mBUT _n1 _p53.75 _r0 _sY _tBOOK _u2017-10-11 _xINGENIERIA _PP74 _0COMPRA _o.STAFF. Colección General |
||
| 980 |
_81 _gALBERTO SANCHEZ Responsable de Automatización |
||